Přináší léčba antidepresivy nemocným s kardiovaskulárním rizikem prospěch, nebo nebezpečí?

Bibliographic Details
Main Authors: Honzák, Radkin, 1939- (Author), Vrána, Milan (Author)
Format: Article
Language:Slovak
Czech

MARC

LEADER 00000nab a2200000 a 4500
001 vtls010739816
003 SK-MaSNL
005 20260304192627.0
008 250709s2009 xo |||||||||||||||||slo|
035 |a (urnnbn)urn:nbn:sk:snk:ar-a05r6m 
035 |a (uuid)cc47d9bd-dadc-4219-89a8-f83225e8e99e 
035 |a urn:nbn:sk:snk-ab40fz 
040 |a SNKBUCL  |b slo  |c SNKBUCL  |e AACR2 
041 0 |a cze 
044 |a xo  |c SK 
100 1 |a Honzák, Radkin,  |d 1939-  |4 aut  |9 200182 
245 1 0 |a Přináší léčba antidepresivy nemocným s kardiovaskulárním rizikem prospěch, nebo nebezpečí?  |c Radkin Honzák, Milan Vrána 
700 1 |a Vrána, Milan  |4 aut  |9 539803 
773 0 |t Psychiatria pre prax  |g Roč. 10, č. 6 (2009), s. 270-272 
850 |a Slovenská národná knižnica 
852 |a Slovenská národná knižnica 
954 |a odborná, vedecká literatúra cudzojazyčná (svetová)  |2 lita 
958 |a article1 
958 |a OND 
958 |a EUIPO 
999 |c 3063388  |d 3065318